000 00591nam a2200229Ia 4500
003 OSt
005 20220928101743.0
006 a|||||r|||| 00| 0
007 ta
008 220927b |||||||| |||| 00| 0 eng d
024 _a51087
037 _cTextual
040 _aSDCL
_cSDCL
_beng
041 _2eng
_aeng
082 _aO152,2N251, L2;1
100 _aLal Laxmi Narain
_9393876
245 0 _aCurfew.
260 _aDelhi
_bRajpal And Son's
_c1972
300 _a122p.
_ccm.
942 _hO152,2N251, L2;1
_cTEXL
_2CC
999 _c710405
_d710405